Propuesta de automatización de los servicios que ofrece la organización no gubernamental Dos Generaciones
Presenta un estudio de factibilidad para la automatización del control de los servicios que ofrece la organización no gubernamental Dos Generaciones. Se dan a conocer ventajas y desventajas de automatización.
| Main Author: | |
|---|---|
| Other Authors: | |
| Format: | Tesis Section = Libro |
| Language: | Undetermined Spanish |
| Published: |
Managua
UNI
2010
|
| Subjects: |
| LEADER | 01042nam a2200241Ia 4500 | ||
|---|---|---|---|
| 008 | 240830s9999 xx 000 0 und d | ||
| 040 | |a BIBLIOTECA-RUSB/ T.Mon 025.04 R173 | ||
| 041 | |a spa | ||
| 082 | |a T.Mon 025.04 R173 | ||
| 100 | 1 | |a Ramírez Zelaya, Javier Antonio | |
| 245 | 1 | 0 | |a Propuesta de automatización de los servicios que ofrece la organización no gubernamental Dos Generaciones |
| 260 | |a Managua |b UNI |c 2010 | ||
| 300 | |a 52 p. :il. | ||
| 500 | |a Contiene: anexos. | ||
| 502 | |a Tesis (Ingeniero en Computación) - UNI, 2010. | ||
| 520 | 3 | |a Presenta un estudio de factibilidad para la automatización del control de los servicios que ofrece la organización no gubernamental Dos Generaciones. Se dan a conocer ventajas y desventajas de automatización. | |
| 650 | 7 | |a SISTEMA DE INFORMACIÓN AUTOMATIZADO | |
| 650 | 7 | |b SISTEMA DE GESTIÓN - SERVICIOS | |
| 650 | 7 | |c ANÁLISIS Y DISEÑOS DE SISTEMAS DE INFORMACIÓN | |
| 700 | 1 | |a Tutor: |b Quintana Bonilla, Marisela | |
| 942 | |c BK |2 ddc | ||
| 991 | |a TESIS | ||
| 999 | |c 21646 | ||